000 00838nam a2200277Ia 4500
003 OSt
005 20220918171036.0
006 a|||||r|||| 00| 0
007 ta
008 220917b |||||||| |||| 00| 0 eng d
020 _a9781138181632 (pbk)
_cUKP 98.99
024 _a317,367
037 _b298, 24/03/2017, Classic Book Service
_cTextual
040 _aARTS
_cARTS
_beng
041 _2eng
_aeng
082 _aY:1, Q6
100 _aScarre Chris Au.
_933477
245 0 _aAncient civilizations
250 _a4th
260 _aNew York
_bRoutledge USA
_c2016
300 _axxiv,535p.
_ccm.
650 _aCIVILIZATION; SOCIOLOGY
_916903
700 _a Fagan Brian M. Au.
_97620
942 _hY:1, Q6
_cTEXL
_2CC
999 _c137490
_d137490